| 000 | 00624nam a2200181 4500 | ||
|---|---|---|---|
| 001 | 117546 | ||
| 003 | ES-MaACL | ||
| 005 | 20230906190928.0 | ||
| 007 | t| | ||
| 008 | 070214s1933 es r ||||1| spa d | ||
| 080 | _a860(728.4)-7"19" | ||
| 100 | 1 |
_aPeralta Lagos, José María. _990385 |
|
| 245 | 1 | 3 |
_aLa muerte de la tórtola o Malandanzas de un corresponsal : _bnarración novelesca de costumbres salvadoreñas / _cJosé María Peralta Lagos. |
| 246 | 3 | _aMalandanzas de un corresponsal | |
| 260 |
_aSan Salvador : _b[s.n.], _c1933 ( _fImp. Funes & Ungo) |
||
| 300 |
_a235 p. ; _c19 cm. |
||
| 852 |
_aES-MaACL _jB-12878 |
||
| 999 |
_c117546 _d117546 |
||